000 00855nam a2200253 a 4500
001 925
003 BR-CuiBMT
005 20231128204602.0
008 231123s2011 mgb 000 0 por d
020 _a9788577004317
040 _aBR-CuiBMT
_cBR-CuiBMT
080 _22007
_a336.2:504
_x(81)
090 _a336.2:504(81)
_bR175t
100 1 _aRamos, José Eduardo Silvério
245 1 0 _aTributação ambiental :
_bo IPTU e o meio ambiente urbano /
_cJosé Eduardo Silvério Ramos ; prefácio, Luiz Henrique Antunes Alochio.
260 _aBelo Horizonte :
_bFórum,
_c2011.
300 _a111 p. ;
_c22 cm
504 _aInclui bibliografia.
650 _aDireito tributário
_zBrasil
650 _aDireito ambiental
_zBrasil
650 _aPolítica urbana
_xAspectos ambientais
_zBrasil
650 _aImposto predial e territorial urbano
942 _2udc
_cLV
999 _c925
_d925